000 00311nam a22001337a 4500
008 170908b xxu||||| |||| 00| 0 eng d
020 _a9780792262152
041 _aeng
080 _a91
100 _a42
101 _aGJEO
245 _aDEEP ANCESTRY INSIDE THE GENOGRAPHIC PROJECT
_cWELLS,S
942 _2udc
_cBK
999 _c26816
_d26816